Yeezy 350 - Statistics

General Stats
  • This quiz has been taken 9 times
  • The average score is 6 of 16
Answer Stats
Picture Answer % Correct
Zebra
100%
Beluga
67%
Turtle Dove
67%
Bred
50%
Pirate Black
50%
Blue Tint
33%
Copper
33%
Cream White
33%
Dazzling Blue
33%
Onyx
33%
Sesame
33%
Zyon
33%
Desert Sage
17%
Moonrock
17%
Semi Frozen Yellow
17%
Yecheil
0%
No matching quizzes found
Score Distribution
Percent of People with Each Score
Percentile by Number Answered
Your Score History
You have not taken this quiz